|
|
|
|
| LEADER |
00000nam2a2200000 4500 |
| 001 |
333112 |
| 005 |
20231102004525.0 |
| 035 |
|
|
|a (RuTPU)RU\TPU\book\359107
|
| 035 |
|
|
|a RU\TPU\book\329035
|
| 090 |
|
|
|a 333112
|
| 100 |
|
|
|a 20170606d1980 k y0rusy50 ca
|
| 101 |
0 |
|
|a rus
|
| 102 |
|
|
|a EE
|
| 105 |
|
|
|a a z 001zy
|
| 200 |
0 |
|
|a Вып. 20 : Исследование работы парогенераторов электростанций
|e сборник статей
|f Таллинский политехнический институт (ТПИ)
|
| 210 |
|
|
|a Таллин
|c Изд-во ТалПИ
|d 1980
|
| 215 |
|
|
|a 118 с.
|c ил.
|
| 225 |
1 |
|
|a Труды Таллинского политехнического института
|v № 483
|
| 320 |
|
|
|a Библиогр. в конце ст.
|
| 461 |
|
1 |
|0 (RuTPU)RU\TPU\book\58052
|t Теплоэнергетика
|o сборник статей
|f Таллинский политехнический институт (ТПИ)
|v Вып. 20 : Исследование работы парогенераторов электростанций
|d 1963-1990
|s Труды Таллинского политехнического института
|
| 606 |
1 |
|
|a Теплоэнергетика
|2 stltpush
|3 (RuTPU)RU\TPU\subj\59823
|9 77320
|
| 606 |
1 |
|
|a Тепловые электрические станции
|x Котельное оборудование
|x Эксплуатация
|x Технический надзор
|2 stltpush
|3 (RuTPU)RU\TPU\subj\59620
|9 77130
|
| 610 |
1 |
|
|a дробленые горючие сланцы
|
| 610 |
1 |
|
|a гранулометрический состав
|
| 610 |
1 |
|
|a сланцевые частицы
|
| 610 |
1 |
|
|a разрушение
|
| 610 |
1 |
|
|a свободный удар
|
| 610 |
1 |
|
|a березовский уголь
|
| 610 |
1 |
|
|a зола
|
| 610 |
1 |
|
|a плавкость
|
| 610 |
1 |
|
|a топливо
|
| 610 |
1 |
|
|a минеральные составляющие
|
| 610 |
1 |
|
|a разложение
|
| 610 |
1 |
|
|a температурные интервалы
|
| 610 |
1 |
|
|a нагрев
|
| 610 |
1 |
|
|a скорость
|
| 610 |
1 |
|
|a парогенераторы
|
| 610 |
1 |
|
|a пароперегреватели
|
| 610 |
1 |
|
|a топки
|
| 610 |
1 |
|
|a экраны
|
| 610 |
1 |
|
|a водяная очистка
|
| 675 |
|
|
|a 621.1
|v 4
|
| 675 |
|
|
|a 621.311.22.002.5:621.182
|v 4
|
| 801 |
|
1 |
|a RU
|b 63413507
|c 20110901
|
| 801 |
|
2 |
|a RU
|b 63413507
|c 20231010
|g RCR
|
| 942 |
|
|
|c BK
|